Anime-Durcheinander - Statistiken

Allgemein
  • Dieses Quiz wurde 251 mal gespielt
    239 seit der letzten Aktualisierung
  • Das Durchschnittsergebnis liegt bei 34 aus 265
Antwortstatistiken
Antwort % Korrekt
Naruto
82%
One Piece
78%
Dragonball
72%
Attack on Titan
68%
K
65%
Pokemon
62%
Bleach
61%
Death Note
61%
Jujutsu Kaisen
60%
Demon Slayer
56%
Hunter x Hunter
56%
My Hero Academia
54%
Haikyuu
50%
Dragonball Z
49%
Boruto
48%
Digimon
47%
Naruto Shippuuden
47%
One Punch Man
46%
Black Clover
43%
Detektiv Conan
43%
Sword Art Online
43%
Blue Lock
42%
Sailor Moon
42%
Fairy Tail
39%
Fullmetal Alchemist
39%
Yu-Gi-Oh!
37%
Black Butler
35%
JoJo's Bizarre Adventure
35%
Dragonball Super
34%
Dr. Stone
34%
The Seven Deadly Sins
34%
Akame ga Kill
33%
Tokyo Revengers
33%
Berserk
32%
Berserk of Gluttony
31%
Re:Zero
31%
Solo Leveling
31%
Spy x Family
31%
Assassination Classroom
29%
Steins;Gate
28%
Fire Force
27%
Food Wars
26%
Chihiro's Reise ins Zauberland
25%
Cowboy Bebop
25%
Free!
25%
Monster
25%
Fluffy Paradise
24%
Fullmetal Alchemist Brotherhood
24%
InuYasha
24%
Mein Nachbar Totoro
24%
Violet Evergarden
24%
X
24%
Another
23%
Highschool DxD
22%
MASHLE
22%
Noragami
22%
Prinzessin Mononoke
22%
Code Geass
21%
Fruits Basket
21%
K-ON!
21%
Kuroko no Basket
21%
Beyblade
20%
Blue Exorcist
20%
Dragonball GT
20%
Kill la Kill
20%
Baki
19%
Beastars
19%
Charlotte
19%
Classroom of the Elite
19%
Die Kickers
19%
fate
19%
Ranma 1/2
19%
No Game No Life
18%
Soul Eater
18%
That Time I got reincarnated as a Slime
18%
Death Parade
17%
Kaguya-sama
17%
Overlord
17%
Gintama
16%
Clannad
15%
Horimiya
15%
Wind Breaker
15%
Black Lagoon
14%
Das Schloss im Himmel
13%
Black Bullet
12%
Blood+
12%
Das Königreich der Katzen
12%
Highschool of the Dead
12%
Maid-sama
12%
Digimon Frontier
11%
Goblin Slayer
11%
Made in Abyss
11%
Mila Superstar
11%
NANA
11%
Shaman King
11%
Bungo Stray Dogs
10%
Captain Tsubasa
10%
Durarara
10%
Konosuba
10%
Tower of God
10%
Ponyo
9%
Afro Samurai
8%
Bakuman
8%
Digimon Tamers
8%
Bakugan
7%
Dragonball Z Kai
7%
Golden Boy
7%
Lucky Star
7%
Magic Kaito
7%
Ouran Highschool Host Club
7%
The Apothecary Diaries
7%
Trigun
7%
Arifureta
6%
Blood-C
6%
Blood Lad
6%
Btooom!
6%
D.Gray-Man
6%
Die letzten Glühwürmchen
6%
Gate
6%
Golden Time
6%
Guilty Crown
6%
Hamtaro
6%
Orange
6%
Pretty Cure
6%
Accel World
5%
Air
5%
Darker than Black
5%
Digimon Data Squad
5%
Gantz
5%
God Eater
5%
PomPoko
5%
ReLIFE
5%
Spice and Wolf
5%
Black Cat
4%
Das Wandelne Schloss
4%
Der Junge und der Reiher
4%
Dr. Slump
4%
Gundam
4%
Inuyashiki
4%
Log Horizon
4%
Miss Kobayashi's Dragon Maid
4%
My love STORY
4%
Porco Rosso
4%
Samurai Champloo
4%
Sleepy Princess in the Demon Castle
4%
The Irregular at Magic High School
4%
Trinity Seven
4%
Vampire Knight
4%
Wedding Peach
4%
Wie der Wind sich hebt
4%
07-Ghost
3%
Blue Dragon
3%
Chobits
3%
Claymore
3%
Die Chroniken von Erdsee
3%
Dragon Quest
3%
Fullmetal Panic!
3%
.hack
3%
Hamatora
3%
I've been killing Slimes for 300 Years and Maxed out my Level
3%
Katekyo Hitman REBORN!
3%
Monster Rancher
3%
Noblesse
3%
Paprika
3%
Rurouni Kenshin
3%
Skeleton Knight in Another World
3%
So I'm a Spider, so what?
3%
The Ancient Magus' Bride
3%
The God of High School
3%
Tokyo Ravens
3%
Wolf's Rain
3%
Acchi Kocchi
2%
Air Gear
2%
Ajin
2%
Beast Tamer
2%
Black Blood Brothers
2%
Black Rock Shooter
2%
Black Summoner
2%
Captain Future
2%
Der Junge und das Biest
2%
D-Frag!
2%
Die Legende der Prinzessin Kaguya
2%
How not to Summon a Demon Lord
2%
Little Witch Academia
2%
Loveless
2%
My Love Story with Yamada-kun at Lv999
2%
Nanbaka
2%
Ni no Kuni
2%
Raeliana - Warum sie die Verlobte des Dukes wurde
2%
Re:CREATORS
2%
Re:Monster
2%
Rosario Vampire
2%
Samurai Girls
2%
Sasaki and Miyano
2%
Say I love You
2%
Slayers
2%
Stimme des Herzens
2%
Summoned to Aother World for a second Time
2%
The Prince of Tennis
2%
Toriko
2%
Welcome to Demon-School! Iruma-kun
2%
Wise man's Grandchild
2%
Witchblade
2%
Zombie-Loan
2%
Aikatsu!
1%
Air Master
1%
Am I Actually the Strongest?
1%
Angelic Layer
1%
Ascendance of a Bookworm
1%
Azumanga Daiou
1%
Bamboo Blade
1%
Blade of the Immortal
1%
Bofuri
1%
By the Grace of the Gods
1%
Classroom for Heroes
1%
Dance in the Vampire Bund
1%
Der Mohnblumenberg
1%
DN Angle
1%
Doctor Elise
1%
Dog Days
1%
Fairy Tail 100 Years Quest
1%
Familiar of Zero
1%
Fushigi Yugi
1%
Heaven Official's Blessing
1%
Ikkitousen
1%
In another World with my Smartphone
1%
In the Land of Leadale
1%
Kaleido Star
1%
Keijo
1%
Kenichi: The Mightiest Disciple
1%
Kiba
1%
Knight's and Magic
1%
Kuma Kuma Kuma Bear
1%
Lovely Complex
1%
Meine Nachbarn die Yamadas
1%
My Senpai is Annoying
1%
My Sweet Tyrant
1%
My Tiny Senpai
1%
Needless
1%
Noir
1%
Problem Children are coming from another World, aren't they?
1%
RideBack
1%
Samurai 7
1%
Samurai Bride
1%
Samurai Gun
1%
Shaman King Flowers
1%
Slayers Next
1%
Slayers Try
1%
Soul Eater Not
1%
Space Dandy
1%
Sweet Reincarnation
1%
Tearmoon Empire
1%
Tenjo Tenge
1%
The Aristocrat's Otherworldly Adventure
1%
The Duke of Death and his Maid
1%
The Fruit of Evolution
1%
The Last Summoner
1%
The New Gate
1%
The Royal Tutor
1%
The Soul Taker
1%
The wrong way to use Healing Magic
1%
TSUKIMICHI -Moonlit Fatasy-
1%
Vampire Knight Guilty
1%
World Trigger
1%
Z wie Zorro
1%
Keine übereinstimmenden Quizze gefunden
Verteilung der Resultate
Anzahl Personen mit jedem Resultat
Perzentil nach korrekt beantworteten Fragen
Ihre Resultats-Entwicklung
Sie haben dieses Quiz seit der letzten Aktualisierung nicht gespielt